| LEADER | 00901nam a2200169 4500 | ||
|---|---|---|---|
| 082 | |a 516 |b H 312 h | ||
| 100 | |a . | ||
| 245 | |a Hình học 11/ |c Trần Văn Hạo tổng chủ biên, Nguyễn Mộng Hy chủ biên, Khu Quốc Anh,...- | ||
| 260 | |a H.: |b Giáo dục, |c 2007.- | ||
| 300 | |a 140tr.; |c 24cm | ||
| 520 | |a . | ||
| 653 | |a Hình học | ||
| 942 | |2 ddc |c STK0 | ||
| 999 | |c 12105 |d 12105 | ||
| 952 | |0 0 |1 0 |2 ddc |4 0 |6 516_000000000000000_H_312_H |7 0 |8 500 |9 103184 |a qbu |b qbu |c D3 |d 2015-12-15 |g 5300 |l 9 |m 6 |o 516 H 312 h |p 11492.c1 |r 2021-04-15 |s 2021-03-22 |w 2015-12-15 |y STK0 | ||
| 952 | |0 0 |1 0 |2 ddc |4 0 |6 516_000000000000000_H_312_H |7 0 |8 500 |9 103185 |a qbu |b qbu |c D3 |d 2015-12-15 |g 5300 |l 9 |m 6 |o 516 H 312 h |p 11492.c2 |r 2021-07-12 |s 2020-06-04 |w 2015-12-15 |y STK0 | ||
| 952 | |0 0 |1 0 |2 ddc |4 0 |6 516_000000000000000_H_312_H |7 0 |8 500 |9 103186 |a qbu |b qbu |c D3 |d 2015-12-15 |g 5300 |l 14 |m 9 |o 516 H 312 h |p 11492.c3 |r 2021-03-22 |s 2021-02-23 |w 2015-12-15 |y STK0 | ||